La dictadura y el teatro: la dramaturgia española y las concepciones estéticas durante la dictadura franquista, resumen
Uloženo v:
| Hlavní autor: | |
|---|---|
| Médium: | Kniha |
| Jazyk: | španělština |
| Vydáno: |
s.l
s.n
1988
|
| Témata: | |
| Tagy: |
Přidat tag
Žádné tagy, Buďte první, kdo vytvoří štítek k tomuto záznamu!
|
MARC
| LEADER | 00000nam a2200000 a 4500 | ||
|---|---|---|---|
| 001 | UCM8196 | ||
| 003 | CL-VaPUC | ||
| 008 | 030124e19880000sl |||||||||||||||||spa|d | ||
| 082 | 0 | 4 | |a 862.9 |b TAN |2 21 |
| 100 | 0 | |a Tanev, Stephan |e author |9 474151 | |
| 245 | 1 | 3 | |a La dictadura y el teatro: la dramaturgia española y las concepciones estéticas durante la dictadura franquista, resumen |
| 300 | |a 34 p | ||
| 942 | |c BK | ||
| 945 | |d 20030124 00:00:00 |a cmena | ||
| 260 | |a s.l |b s.n |c 1988 | ||
| 650 | 0 | |a Teatro español |9 265077 | |
| 650 | 0 | |a Historia y crítica |9 257407 | |
| 650 | 0 | |a Franquismo |9 318598 | |
| 583 | |a last modification |c 20180109 11:14:45 |k Rodrigo Vera | ||
| 999 | |c 302774 |d 302772 | ||
| 952 | |0 0 |1 0 |4 0 |6 862_900000000000000_TAN_1988 |7 0 |8 A |9 363508 |a FDOPOS |b FDOPOS |d 2019-11-21 |i 388001K |o 862.9 TAN 1988 |p 388001K |r 2025-01-22 |w 2019-11-21 |y BK |k MLH | ||